000 00218 a2200097 4500
001 30030
100 _aVeronis
245 _aIntegrated circuits fabrication technology
260 _a
_bReston
_c
090 _c19996
_d19996
942 _aNUST-CAE
_cM
_c11108
999 _c265103
_d265103